Hauptstädte von Inselstaaten - Statistiken

Allgemein
  • Dieses Quiz wurde 45 mal gespielt
  • Das Durchschnittsergebnis liegt bei 33 aus 48
Antwortstatistiken
Hint Antwort % Korrekt
Australien Canberra
100%
Irland Dublin
98%
Kuba Havanna
98%
Island Reykjavík
98%
Singapur Singapur
98%
Japan Tokio
98%
Malta Valletta
98%
Indonesien Jakarta
95%
Jamaika Kingston
95%
St. Vincent und die Grenadinen KIngstown
95%
Vereinigtes Königreich London
95%
Philippines Manila
95%
Zypern Nikosia
95%
Bahamas Nassau
93%
Taiwan Taipeh
90%
Neuseeland Wellington
90%
Malediven Malé
88%
Dominikanische Republik Santo Domingo
83%
Madagaskar Antananarivo
76%
Haiti Port au Prince
73%
Papua Neuguinea Port Moresby
73%
Trinidad und Tobago Port of Spain
71%
São Tomé und Príncipe São Tomé
71%
Fidschi Suva
71%
Ost Timor Dili
68%
Bahrain Manama
68%
Brunei Bandar Seri Begawan
63%
Kap Verde Praia
61%
Barbados Bridgetown
59%
Mauritius Port Louis
59%
Dominica Roseau
59%
Grenada St. George's
59%
Antigua und Barbuda St. John's
56%
Seychellen Victoria
56%
St. Lucia Castries
51%
Tuvalu Funafuti
51%
Samoa Apia
49%
St. Kitts und Nevis Basseterre
49%
Komoren Moroni
49%
Mikronesien Palikir
44%
Sri Lanka Sri Jayewardenepura Kotte
44%
Salomonen Honiara
41%
Nauru Yaren
41%
Vanuatu Port Vila
39%
Tonga Nuku'alofa
37%
Marshall Inseln Majuro
32%
Palau Ngerulmud
32%
Kiribati Tarawa
32%
Keine übereinstimmenden Quizze gefunden
Verteilung der Resultate
Anzahl Personen mit jedem Resultat
Perzentil nach korrekt beantworteten Fragen
Ihre Resultats-Entwicklung
Sie haben dieses Quiz noch nicht gespielt